[Event "London Classic op 10th"]
[Site "London"]
[Date "2018.12.14"]
[Round "6"]
[White "Head, Louise"]
[Black "Bukojemski, Adam"]
[Result "1-0"]
[WhiteElo "2079"]
[BlackElo "2218"]
[PlyCount "183"]
[EventDate "2018.12.09"]
[EventType "swiss"]
[EventRounds "9"]
[EventCountry "ENG"]
[SourceTitle "CBM 187 Extra"]
[Source "ChessBase"]
[SourceDate "2018.11.04"]
[SourceVersion "1"]
[SourceVersionDate "2018.11.04"]
[SourceQuality "1"]

1. d4 Nf6 2. c4 g6 3. Nc3 d5 4. cxd5 Nxd5 5. Bd2 Bg7 6. e4 Nb6 7. Be3 0-0 8. h3 e5 9. Nf3 Nc6 10. d5 Ne7 11. Bc5 Bd7 12. d6 cxd6 13. Bxd6 Re8 14. Bxe5 Bxe5 15. Nxe5 Ned5 16. Nxd5 Rxe5 17. Qd4 Nxd5 18. Qxe5 Qa5+ 19. Ke2 Re8 20. Qd4 Nf4+ 21. Kf3 Qc7 22. Bc4 Bc6 23. Rhe1 b5 24. Bb3 Rd8 25. Qf6 Nh5 26. Qg5 Rd6 27. g3 h6 28. Qe3 Nf6 29. Kg2 Nxe4 30. Kh2 Ng5 31. Bd1 Qd7 32. Bg4 f5 33. h4 fxg4 34. hxg5 Rd2 35. Kg1 hxg5 36. Qe6+ Qf7 37. Qxf7+ Kxf7 38. Rac1 Bf3 39. Rc7+ Kf6 40. Rxa7 Rxb2 41. Ra6+ Kf7 42. Rc1 Bd5 43. Rb6 Ke7 44. a4 b4 45. Rb5 Bf3 46. a5 Ra2 47. Rb1 Bc6 48. Rb6 Bd5 49. Rb5 Bc6 50. Rxg5 b3 51. Rc5 b2 52. Rc2 Rxa5 53. Rcxb2 Bf3 54. Kf1 Kf7 55. Rb6 Rh5 56. Ke1 Re5+ 57. Kd2 Rd5+ 58. Kc3 Kg7 59. Re1 Rc5+ 60. Kd4 Rd5+ 61. Kc4 Rd2 62. Kc3 Rxf2 63. Ree6 Bd1 64. Rxg6+ Kf7 65. Rgd6 Rc2+ 66. Kd3 Rc7 67. Ke3 Bf3 68. Kf4 Kg8 69. Kf5 Rf7+ 70. Ke6 Kg7 71. Ke5 Kg8 72. Rg6+ Rg7 73. Rb8+ Kh7 74. Rf6 Rc7 75. Rff8 Rc5+ 76. Kf6 Rc6+ 77. Kg5 Rc5+ 78. Kh4 Kg7 79. Rfd8 Kf6 80. Rb6+ Ke5 81. Rb1 Kf6 82. Rd6+ Kg7 83. Re1 Rc7 84. Re8 Ra7 85. Re5 Kg8 86. Rc5 Re7 87. Rg5+ Rg7 88. Rd8+ Kh7 89. Rh5+ Kg6 90. Rg5+ Kf7 91. Rd7+ Kf6 92. Rgxg7 1-0

[Event "London Classic op 10th"]
[Site "London"]
[Date "2018.12.10"]
[Round "2"]
[White "Bukojemski, Adam"]
[Black "Lane, Ryan"]
[Result "1-0"]
[WhiteElo "2218"]
[BlackElo "1723"]
[PlyCount "131"]
[EventDate "2018.12.09"]
[EventType "swiss"]
[EventRounds "9"]
[EventCountry "ENG"]
[SourceTitle "CBM 187 Extra"]
[Source "ChessBase"]
[SourceDate "2018.11.04"]
[SourceVersion "1"]
[SourceVersionDate "2018.11.04"]
[SourceQuality "1"]

1. e4 e5 2. Nf3 Nc6 3. Bc4 Bc5 4. c3 Nf6 5. d3 d6 6. b4 Bb6 7. Bg5 h6 8. Bh4 g5 9. Bg3 Bg4 10. h3 Bh5 11. Nbd2 Qd7 12. Qb3 0-0 13. a4 a5 14. b5 Ne7 15. 0-0-0 Bg6 16. Nxe5 dxe5 17. Nf3 Qe8 18. Nxe5 Nd7 19. Ng4 Kg7 20. Rde1 Nc5 21. Qc2 Rd8 22. d4 Nxe4 23. Rxe4 Bxe4 24. Qxe4 Ng6 25. Qxb7 Qe7 26. Qc6 f6 27. Ne3 f5 28. Nd5 Qa3+ 29. Kc2 f4 30. Nxc7 Bxc7 31. Qxc7+ Kh8 32. Qc6 fxg3 33. Qxg6 Rxf2+ 34. Kd3 Qd6 35. Qxd6 Rxd6 36. Rb1 Rb6 37. Bd5 Kg7 38. c4 Kf8 39. c5 Rb8 40. b6 Ke7 41. c6 Rff8 42. c7 Rbc8 43. b7 Rxc7 44. b8Q Rxb8 45. Rxb8 Kd6 46. Rb5 Rc1 47. Rxa5 Rd1+ 48. Ke3 Re1+ 49. Kd2 Rf1 50. Be4 Ra1 51. Ra6+ Ke7 52. Rxh6 Rxa4 53. Rg6 Rxd4+ 54. Ke3 Ra4 55. Rxg5 Kf6 56. Rxg3 Ke5 57. Rg5+ Kf6 58. Rc5 Ra3+ 59. Kf4 Ra2 60. Rc6+ Kg7 61. Kg5 Ra5+ 62. Bf5 Ra2 63. Rc7+ Kf8 64. Kf6 Ra6+ 65. Be6 Ra8 66. Rg7 1-0

[Event "POL-chT 1st League"]
[Site "Pokrzywna"]
[Date "2018.09.07"]
[Round "7.1"]
[White "Walach, Marcin"]
[Black "Bukojemski, Adam"]
[Result "0-1"]
[WhiteElo "2324"]
[BlackElo "2233"]
[PlyCount "86"]
[EventDate "2018.09.01"]
[EventType "team-tourn"]
[EventRounds "9"]
[EventCountry "POL"]
[SourceTitle "CBM 186 Extra"]
[Source "ChessBase"]
[SourceDate "2018.08.24"]
[SourceVersion "1"]
[SourceVersionDate "2018.08.24"]
[SourceQuality "1"]
[WhiteTeam "Rybnik"]
[BlackTeam "Krakow KKSz"]
[WhiteTeamCountry "POL"]
[BlackTeamCountry "POL"]

1. e4 c5 2. c3 Nf6 3. e5 Nd5 4. d4 cxd4 5. cxd4 d6 6. Nf3 Nc6 7. Bc4 Nb6 8. Bb5 dxe5 9. Nxe5 Bd7 10. Nxd7 Qxd7 11. Nc3 e6 12. 0-0 Be7 13. Qg4 0-0 14. Bxc6 bxc6 15. Bh6 Bf6 16. Rfd1 Rfd8 17. Ne4 Qe7 18. Bf4 Rd5 19. Nxf6+ Qxf6 20. Be5 Qg6 21. Qxg6 hxg6 22. Rac1 Rc8 23. f3 g5 24. Kf1 f6 25. Bg3 Kf7 26. Ke2 Ra5 27. a3 Rb5 28. Rd2 Ke7 29. Rc5 Kd7 30. Rdc2 Na4 31. R5c4 Nxb2 32. Rb4 Rxb4 33. axb4 Na4 34. Kd3 Nb6 35. Ra2 Ra8 36. Ra5 a6 37. h4 gxh4 38. Bxh4 Nd5 39. Kc4 Ne3+ 40. Kd3 Nxg2 41. Bg3 g5 42. Ke4 Nh4 43. f4 Nf5 0-1

[Event "POL-chT 1st League"]
[Site "Pokrzywna"]
[Date "2018.09.06"]
[Round "6.1"]
[White "Bukojemski, Adam"]
[Black "Szustakowski, Antoni"]
[Result "0-1"]
[WhiteElo "2233"]
[BlackElo "2300"]
[PlyCount "108"]
[EventDate "2018.09.01"]
[EventType "team-tourn"]
[EventRounds "9"]
[EventCountry "POL"]
[SourceTitle "CBM 186 Extra"]
[Source "ChessBase"]
[SourceDate "2018.08.24"]
[SourceVersion "1"]
[SourceVersionDate "2018.08.24"]
[SourceQuality "1"]
[WhiteTeam "Krakow KKSz"]
[BlackTeam "Znin Baszta"]
[WhiteTeamCountry "POL"]
[BlackTeamCountry "POL"]

1. d4 Nf6 2. c4 e6 3. Nc3 Bb4 4. e3 0-0 5. Bd3 d5 6. Nf3 c5 7. cxd5 exd5 8. dxc5 Nc6 9. h3 Bxc5 10. 0-0 a6 11. Ne2 Qe7 12. b3 Be6 13. a3 Rac8 14. Bb2 Rfd8 15. b4 Bd6 16. Rc1 Ne4 17. Ned4 Nxd4 18. Bxd4 Bb8 19. Rxc8 Rxc8 20. Qb1 Bf5 21. Rc1 Rxc1+ 22. Qxc1 Qc7 23. Qxc7 Bxc7 24. Nd2 Nd6 25. Bxf5 Nxf5 26. Bc3 f6 27. e4 dxe4 28. Nxe4 b6 29. a4 Nd6 30. Nxd6 Bxd6 31. Kf1 Kf7 32. Ke2 Ke6 33. Kd3 Kd5 34. g3 Be7 35. f4 g6 36. h4 h5 37. Bd2 b5 38. axb5 axb5 39. Bc3 g5 40. hxg5 fxg5 41. fxg5 Bxg5 42. Bg7 Be7 43. Bc3 Bd6 44. Be1 Be5 45. Ke3 Kc4 46. Kf3 Bc3 47. Bf2 Kxb4 48. g4 hxg4+ 49. Kxg4 Kc4 50. Bh4 b4 51. Be7 b3 52. Ba3 Kd3 53. Kf3 Kc2 54. Ke2 Bb4 0-1

[Event "Rubinstein Memorial-A 54th"]
[Site "Polanica Zdroj"]
[Date "2018.08.22"]
[Round "5"]
[White "Frolov, Artur"]
[Black "Bukojemski, Adam"]
[Result "1-0"]
[WhiteElo "2420"]
[BlackElo "2233"]
[PlyCount "83"]
[EventDate "2018.08.18"]
[EventType "swiss"]
[EventRounds "9"]
[EventCountry "POL"]
[SourceTitle "CBM 186 Extra"]
[Source "ChessBase"]
[SourceDate "2018.08.24"]
[SourceVersion "1"]
[SourceVersionDate "2018.08.24"]
[SourceQuality "1"]

1. d4 Nf6 2. Nf3 g6 3. c4 Bg7 4. Nc3 d5 5. cxd5 Nxd5 6. e3 0-0 7. Bc4 Nb6 8. Bb3 c5 9. dxc5 Qxd1+ 10. Bxd1 N6d7 11. Nd5 Nc6 12. Ba4 Nxc5 13. Bxc6 bxc6 14. Nxe7+ Kh8 15. Nxc8 Raxc8 16. Rb1 Rb8 17. b3 a5 18. Ba3 Nd3+ 19. Ke2 Nb4 20. Ng5 c5 21. Bxb4 axb4 22. Rbc1 Ra8 23. Rc2 Ra5 24. Ne4 Rfa8 25. Nxc5 Rxa2 26. Rhc1 Bb2 27. Na4 R2xa4 28. Rxb2 Ra3 29. Rc7 Ra2 30. Rxa2 Rxa2+ 31. Kf3 Rb2 32. Rxf7 Rxb3 33. Rb7 Rb1 34. Kf4 Rb2 35. f3 Rxg2 36. h4 Ra2 37. e4 Ra8 38. Kg5 Ra5+ 39. Kf6 Ra6+ 40. Kf7 h6 41. e5 Ra3 42. Kxg6 1-0

[Event "Suwalki Warakomska Memorial-A op"]
[Site "Suwalki"]
[Date "2018.08.08"]
[Round "9"]
[White "Ocytko, Andrzej"]
[Black "Bukojemski, Adam"]
[Result "0-1"]
[WhiteElo "2155"]
[BlackElo "2233"]
[PlyCount "132"]
[EventDate "2018.08.01"]
[EventType "swiss"]
[EventRounds "9"]
[EventCountry "POL"]
[SourceTitle "CBM 185 Extra"]
[Source "ChessBase"]
[SourceDate "2018.07.29"]
[SourceVersion "1"]
[SourceVersionDate "2018.07.29"]
[SourceQuality "1"]
[WhiteTeam "Poland"]
[BlackTeam "Poland"]
[WhiteTeamCountry "POL"]
[BlackTeamCountry "POL"]

1. e4 c5 2. Nf3 e6 3. d4 cxd4 4. Nxd4 Nc6 5. Nb5 d6 6. c4 a6 7. N5c3 Nf6 8. Be2 b6 9. Be3 Bb7 10. 0-0 Rc8 11. f3 Be7 12. Na3 0-0 13. Qb3 Nd7 14. Rfd1 Qc7 15. Rac1 Nc5 16. Qc2 f5 17. exf5 Rxf5 18. Qd2 Rd8 19. Nc2 d5 20. cxd5 exd5 21. g4 Rf7 22. Nxd5 Rxd5 23. Qxd5 Ne5 24. Qd2 Nxf3+ 25. Bxf3 Rxf3 26. Nd4 Rg3+ 27. Kf1 Rxg4 28. Nf5 Bf6 29. Qd6 Bg2+ 30. Ke1 Qxd6 31. Nxd6 Bxb2 32. Rb1 Na4 33. Bxb6 Rb4 34. Bd4 Bf3 35. Rxb2 Nxb2 36. Rd2 Na4 37. Kf2 Bd5 38. Ne8 Bxa2 39. Nxg7 Bb1 40. Nh5 Kf7 41. Nf4 Nb6 42. Kg3 a5 43. Ba1 Be4 44. Rd6 Ke7 45. Re6+ Kd7 46. Be5 Nc4 47. Bd4 Nd6 48. Bc5 Nf5+ 49. Kg4 Rc4 50. Bb6 Nd6 51. Re5 a4 52. Ra5 Bc2 53. Be3 Re4 54. Bc1 Nc4 55. Ra7+ Kc6 56. Kf3 Kb6 57. Re7 Rxe7 58. Nd5+ Kc5 59. Nxe7 a3 60. Bxa3+ Nxa3 61. Ng8 Kd6 62. Nf6 Ke6 63. Nxh7 Bxh7 64. h4 Nc4 65. h5 Kf6 66. h6 Bc2 0-1

[Event "Suwalki Warakomska Memorial-A op"]
[Site "Suwalki"]
[Date "2018.08.05"]
[Round "6"]
[White "Bukojemski, Adam"]
[Black "Wacior, Maciej"]
[Result "1-0"]
[WhiteElo "2233"]
[BlackElo "2110"]
[PlyCount "58"]
[EventDate "2018.08.01"]
[EventType "swiss"]
[EventRounds "9"]
[EventCountry "POL"]
[SourceTitle "CBM 185 Extra"]
[Source "ChessBase"]
[SourceDate "2018.07.29"]
[SourceVersion "1"]
[SourceVersionDate "2018.07.29"]
[SourceQuality "1"]

1. e4 c6 2. d4 d5 3. Nd2 dxe4 4. Nxe4 Bf5 5. Ng3 Bg6 6. h4 h6 7. Nf3 Nd7 8. h5 Bh7 9. Bd3 Bxd3 10. Qxd3 Qc7 11. Bd2 e6 12. 0-0-0 0-0-0 13. Ne4 Nc5 14. Nxc5 Bxc5 15. g3 Nf6 16. c4 Bd6 17. Qe2 c5 18. Bc3 b6 19. d5 Rhe8 20. Bxf6 gxf6 21. dxe6 fxe6 22. Qe3 e5 23. Qe4 Kb8 24. Nh4 Bf8 25. Nf5 Rd4 26. Nxd4 cxd4 27. Rxd4 f5 28. Qe2 Qc6 29. Rd5 Qc7 1-0

[Event "Suwalki Warakomska Memorial-A op"]
[Site "Suwalki"]
[Date "2018.08.03"]
[Round "4"]
[White "Bukojemski, Adam"]
[Black "Grinev, Valeriy"]
[Result "0-1"]
[WhiteElo "2233"]
[BlackElo "2412"]
[PlyCount "110"]
[EventDate "2018.08.01"]
[EventType "swiss"]
[EventRounds "9"]
[EventCountry "POL"]
[SourceTitle "CBM 185 Extra"]
[Source "ChessBase"]
[SourceDate "2018.07.29"]
[SourceVersion "1"]
[SourceVersionDate "2018.07.29"]
[SourceQuality "1"]

1. Nf3 c5 2. c4 Nc6 3. g3 e5 4. Nc3 g6 5. d3 Bg7 6. Bg5 f6 7. Be3 d6 8. Qd2 Be6 9. Bg2 Rb8 10. 0-0 Nge7 11. Bh6 0-0 12. Bxg7 Kxg7 13. Nh4 d5 14. cxd5 Nxd5 15. f4 exf4 16. gxf4 Nde7 17. Ne4 Rc8 18. e3 b6 19. Ng3 Bf7 20. a3 Qd7 21. Rad1 Bb3 22. Rc1 Rcd8 23. Rc3 Bf7 24. Qf2 Rfe8 25. Re1 a5 26. Ne4 Nd5 27. Rc2 Qe7 28. d4 f5 29. Qg3 Nxe3 30. Rxe3 Nxd4 31. Rd3 Be6 32. Rxd4 Rxd4 33. Nc3 Qd6 34. Rf2 Bd7 35. Bf1 Qf6 36. Nf3 Re3 37. Re2 Rxe2 38. Bxe2 Rd6 39. Ne5 Bc6 40. Nxc6 Rxc6 41. Bf3 Qd4+ 42. Qf2 Re6 43. Qxd4+ cxd4 44. Nd1 h6 45. h4 Kf6 46. Nf2 Re3 47. Kg2 Rb3 48. Nd1 Rd3 49. Be2 Rd2 50. Kf1 d3 51. Bf3 Rh2 52. h5 g5 53. fxg5+ hxg5 54. Nf2 g4 55. Bxg4 Rxf2+ 0-1

[Event "Basingstoke 4NCL Spring Bank op-A 1st"]
[Site "Basingstoke"]
[Date "2018.05.28"]
[Round "7"]
[White "Stewart, Ashley"]
[Black "Bukojemski, Adam"]
[Result "0-1"]
[WhiteElo "2166"]
[BlackElo "2194"]
[PlyCount "66"]
[EventDate "2018.05.25"]
[EventType "swiss"]
[EventRounds "7"]
[EventCountry "ENG"]
[SourceTitle "CBM 184 Extra"]
[Source "ChessBase"]
[SourceDate "2018.06.28"]
[SourceVersion "1"]
[SourceVersionDate "2018.06.28"]
[SourceQuality "1"]

1. c4 Nf6 2. g3 g6 3. Bg2 Bg7 4. Nc3 0-0 5. Nf3 d6 6. 0-0 e5 7. d4 Nc6 8. d5 Ne7 9. e4 a6 10. Ne1 c5 11. Nd3 Ne8 12. f4 exf4 13. Bxf4 b5 14. Qb3 Bd7 15. a4 b4 16. Ne2 f6 17. Kh1 g5 18. Be3 Rc8 19. Ng1 h6 20. Rf2 f5 21. Qc2 Nf6 22. e5 Ng4 23. Bxc5 dxc5 24. Re2 f4 25. gxf4 Nf5 26. Qd2 gxf4 27. Nf3 Nfe3 28. b3 Qe8 29. Rae1 Qh5 30. Kg1 Nxe5 31. Ndxe5 Bxe5 32. d6 Bc3 33. Qd3 Qf5 0-1